Statistics for US State Borders

Click here to take the quiz!

General Stats

  • This quiz has been taken 235 times
  • The average score is 12 of 15

Answer Stats

Bordering StatesAnswer% Correct
NV, OR, AZCalifornia
92%
GA, ALFlorida
86%
MA, NH, NYVermont
86%
MA, NY, RIConnecticut
82%
PA, NJ, MDDelaware
82%
NHMaine
82%
WI, OH, INMichigan
81%
NY, PA, DENew Jersey
81%
MA, VT, MENew Hampshire
80%
ID, ORWashington
80%
NONEAlaska
78%
MA, CTRhode Island
78%
TX, AR, MSLouisiana
76%
MT, SD, MNNorth Dakota
76%
GA, NCSouth Carolina
73%

Score Distribution

Percentile by Number Answered

Percent of People with Each Score

Your Score History

You have not taken this quiz